| 000 | 00505nam a2200193 a 4500 | ||
|---|---|---|---|
| 001 | 27245 | ||
| 005 | 20180713225921.0 | ||
| 008 | 140415s1986 mx 000 0 spa d | ||
| 020 | _a9682910552 | ||
| 041 | _aspa | ||
| 082 |
_a860 _bGAR |
||
| 100 | 1 | _aGARDEA, JESUS | |
| 245 | 1 | 4 | _aLOS VIERNES DE LAUTARD |
| 250 | _a1a ed. | ||
| 260 |
_aMEXICO : _bCONSEJO NACIONAL DE FOMENTO EDUCATIVO, _c1986 |
||
| 300 | _a165 | ||
| 490 |
_aLECTURAS MEXICANAS _v61 |
||
| 650 | 1 | 4 |
_aCUENTO _xLITERATURA |
| 999 |
_c27245 _d27245 |
||